000 00779nam a22002657a 4500
001 BR8702440
003 BR-BrBNA
005 20230928092502.0
007 ta
008 230509b bl.||||| |||| 00| 0 por d
040 _aBR-BrBNA
_bpor
_cBiblioteca Nacional de Agricultura
041 _a(Por)
072 _aM12
090 _ M12 BR8702440
110 1 _aAssociacao Nordestina de Credito e Assistencia Rural da Paraiba, Joao Pessoa (Brasil)
_9691
245 1 _aCriacao de tilapias
260 3 _aJoao Pessoa, PB (Brasil):
_c1974.
300 _a12 p.
500 _a(*) Documento disponível no(a) EMATER, Joao Pessoa, PB (Brazil). Biblioteca
650 _aPISCICULTURA
650 _aTILAPIA
650 _aPARAIBA
909 _a202309
_bLucia
_c55
_dLucia Elande
942 _cBK
999 _c39355
_d39355